• 首页
  • 本馆介绍
  • 公告通知
  • 最新文献
  • 馆藏检索
  • 电子资源
  • 读者导购
  • 参考咨询
  • 我的图书馆
  • 登录
  • 详细信息显示
  • 放入我的书架
  • 预约/预借图书
  • 作者相关作品
  • 分类相关作品
  • 丛书相关作品
  • 出版社相关作品

书目信息

  • 表格格式
  • 工作单格式
  • 卡片格式
题名:
国际思想大师
    
 
作者: 汤普森 著 ;耿协峰 译
分册:  
出版信息: 北京   北京大学出版社  2017.07
页数: 261页
开本: 24cm
丛书名:
单 册:
中图分类: K817=5
科图分类:
主题词: 国际关系学--思想家--评传--西方国家--20世纪
电子资源:
ISBN: 978-7-301-28355-4
000 01220nam0 2200289 450
001 003487528
005 20170911100840.56
010    @a978-7-301-28355-4@dCNY49.00
100    @a20170822d2017 em y0chiy50 ea
101 1  @achi@ceng
102    @aCN@b110000
105    @aa z 000yd
106    @ar
200 1  @a国际思想大师@9guo ji si xiang da shi@e20世纪主要理论家与世界危机@dMasters of international thought@emajor twentieth-century theorists and the world crisis@f(美)肯尼思·汤普森(Kenneth W. Thompson)著@g耿协峰译@zeng
205    @a2版
210    @a北京@c北京大学出版社@d2017.07
215    @a261页@c图@d24cm
330    @a本书分为四大部分,主要内容包括探求政治的规范基础、权力与政治、冲突与当前危机和世界秩序理论家。
333    @a一般读者
510 1  @aMasters of international thought@emajor twentieth-century theorists and the world crisis@zeng
517 1  @a20世纪主要理论家与世界危机@920 shi ji zhu yao li lun jia yu shi jie wei ji
606 0  @a国际关系学@x思想家@x评传@x西方国家@z20世纪
690    @aK817=5@v5
701  0 @c(美)@a汤普森@9tang pu sen@c(Thompson, Kenneth W.)@4著
702  0 @a耿协峰@9geng xie feng@4译
801  0 @aCN@b人天书店@c20170822
905    @b1069534-39@dK817=5@e148=2@f6
    
    国际思想大师:20世纪主要理论家与世界危机=Masters of international thought:major twentieth-century theorists and the world crisis/(美)肯尼思·汤普森(Kenneth W. Thompson)著/耿协峰译.-2版.-北京:北京大学出版社,2017.07
    261页:图;24cm
    使用对象:一般读者
    
    ISBN 978-7-301-28355-4:CNY49.00
    本书分为四大部分,主要内容包括探求政治的规范基础、权力与政治、冲突与当前危机和世界秩序理论家。
●
相关链接 在E读中查询图书 在五车中查询图书 在当当中查询图书 在豆瓣中查询图书


正题名:国际思想大师     索取号:K817=5/148=2         预约/预借

序号 登录号 条形码 馆藏地/架位号 状态 备注
1 1069534   210695345   第二样本阅览室/ [索取号:K817=5/148=2] 在馆    
2 1069535   210695354   密集书库-史法系/ [索取号:K817=5/148=2] 在馆    
3 1069536   210695363   第二借阅区/ [索取号:K817=5/148=2] 在馆    
4 1069537   210695372   第二借阅区/ [索取号:K817=5/148=2] 在馆    
5 1069538   210695381   第二借阅区/ [索取号:K817=5/148=2] 在馆    
6 1069539   210695390   第二借阅区/ [索取号:K817=5/148=2] 在馆    
唐山师范学院图书馆 欢迎您!
大连网信软件有限公司© 版权所有